|
|
|
|
| LEADER |
01863nam a22003857a 4500 |
| 001 |
29595 |
| 003 |
BD-DhAAL |
| 005 |
20150907161936.0 |
| 008 |
150809s1989 bg ||||| |||| 00| 0 eng d |
| 040 |
|
|
|a BD-DhAAL
|c BD-DhAAL
|
| 082 |
|
|
|2 22
|a 362.7095492
|
| 999 |
|
|
|c 35184
|d 35184
|
| 999 |
|
|
|c 35184
|
| 999 |
|
|
|c 35181
|
| 999 |
|
|
|c 35168
|
| 999 |
|
|
|c 34994
|
| 999 |
|
|
|c 34994
|
| 999 |
|
|
|c 34994
|
| 999 |
|
|
|c 34994
|
| 999 |
|
|
|c 34994
|
| 999 |
|
|
|c 34988
|
| 245 |
|
|
|a Child survival programme : half yearly report January-June, 1989
|
| 260 |
|
|
|a Dhaka :
|b Bangladesh Rural Advancement Committee,
|c 1989
|
| 300 |
|
|
|a 28 p. :
|c 34 cm.
|
| 541 |
|
|
|e 29595
|
| 650 |
|
|
|a Child health services
|9 7235
|z Bangladesh
|
| 710 |
|
|
|a Bangladesh Rural Advancement Committee,
|b Research and Evaluation Division,
|9 12971
|
| 852 |
|
|
|a Ayesha Abed Library
|b General Stacks
|
| 942 |
|
|
|2 ddc
|c BK
|
| 952 |
|
|
|0 0
|1 0
|2 ddc
|4 0
|6 362_709549200000000_CHI
|7 0
|9 55158
|a BRACUL
|b BRACUL
|c GEN
|d 2015-08-10
|l 1
|o 362.7095492 CHI
|p 3010029595
|r 2015-08-10
|s 2015-08-10
|t 1
|w 2015-08-10
|y BK
|
| 952 |
|
|
|0 0
|1 0
|2 ddc
|4 0
|6 362_709549200000000_CHI
|7 0
|9 55162
|a BRACUL
|b BRACUL
|c GEN
|d 2015-08-10
|l 0
|o 362.7095492 CHI
|p 3010029594
|r 2015-08-10
|t 2
|w 2015-08-10
|y BK
|
| 952 |
|
|
|0 0
|1 0
|2 ddc
|4 0
|6 362_709549200000000_CHI
|7 0
|9 55766
|a BRACUL
|b BRACUL
|c BRS
|d 2015-09-07
|l 0
|o 362.7095492 CHI
|p 3010029953
|r 2015-09-07
|t 3
|w 2015-09-07
|y BK
|
| 952 |
|
|
|0 0
|1 0
|2 ddc
|4 0
|6 362_709549200000000_CHI
|7 0
|9 55768
|a BRACUL
|b BRACUL
|c BRS
|d 2015-09-07
|l 0
|o 362.7095492 CHI
|p 3010029954
|r 2015-09-07
|t 4
|w 2015-09-07
|y BK
|
| 952 |
|
|
|0 0
|1 0
|2 ddc
|4 0
|6 362_709549200000000_CHI
|7 0
|9 56556
|a BRACUL
|b BRACUL
|c BRS
|d 2015-11-01
|e BRAC
|l 0
|o 362.7095492 CHI
|p 3010030312
|r 2015-11-01
|t 5
|w 2015-11-01
|y BK
|
| 952 |
|
|
|0 0
|1 0
|2 ddc
|4 0
|6 362_709549200000000_CHI
|7 0
|9 56557
|a BRACUL
|b BRACUL
|c BRS
|d 2015-11-01
|e BRAC
|l 0
|o 362.7095492 CHI
|p 3010030313
|r 2015-11-01
|t 6
|w 2015-11-01
|y BK
|